Truyện ngắn Thái Bá Tân

Kaydedildi:
Detaylı Bibliyografya
Yazar: Thái Bá Tân
Materyal Türü: Kitap
Dil:Undetermined
Baskı/Yayın Bilgisi: Hà Nội Lao động 1996
Konular:
Etiketler: Etiketle
Etiket eklenmemiş, İlk siz ekleyin!
Thư viện lưu trữ: Trung tâm Học liệu Trường Đại học Cần Thơ
LEADER 00530nam a2200193Ia 4500
001 CTU_22439
008 210402s9999 xx 000 0 und d
020 |b 45,000đ 
082 |a 895.922301 
082 |b T121 
100 |a Thái Bá Tân 
245 0 |a Truyện ngắn Thái Bá Tân 
245 0 |c Thái Bá Tân 
260 |a Hà Nội 
260 |b Lao động 
260 |c 1996 
650 |a short stories, vietnamese 
904 |i Minh, 980429 
980 |a Trung tâm Học liệu Trường Đại học Cần Thơ